000 00694nam a2200265Ia 4500
005 20260121161440.0
008 008 260114s9999 xx 000 0 eng d
020 _a9780203890882
037 _aEBOOK
040 _aCRL
040 _beng
040 _cCRL
041 _2eng
041 _aeng
084 _qCRL
100 _aIntersectionality and Beyond
_91044984
245 0 _aDavina Cooper; Emily Grabham; Didi Herman; Jane Krishnadas
260 _bTaylor and Francis
260 _c2009
650 _aJurisprudence & General Issues
_91044985
856 _uhttp://www.taylorfrancis.com/books/9780203890882
942 _cEBOOK
999 _c1610900
_d1610900